Detalles MARC
| 000 -CABECERA |
| campo de control de longitud fija |
01803nam a2200289 a 4500 |
| 001 - NÚMERO DE CONTROL |
| campo de control |
000048900 |
| 003 - IDENTIFICADOR DEL NÚMERO DE CONTROL |
| campo de control |
DO-SdBNP |
| 005 - FECHA Y HORA DE LA ÚLTIMA TRANSACCIÓN |
| campo de control |
20250122105004.0 |
| 007 - CAMPO FIJO DE DESCRIPCIÓN FÍSICA--INFORMACIÓN GENERAL |
| campo de control de longitud fija |
ta |
| 008 - DATOS DE LONGITUD FIJA--INFORMACIÓN GENERAL |
| campo de control de longitud fija |
190430s2016 pr a 000 0 spa d |
| 020 ## - NÚMERO INTERNACIONAL ESTÁNDAR DEL LIBRO |
| Número Internacional Estándar del Libro |
9789945581515 |
| 040 ## - FUENTE DE LA CATALOGACIÓN |
| Centro catalogador/agencia de origen |
DO-SdBNP |
| Lengua de catalogación |
spa |
| Centro/agencia transcriptor |
BNPHU |
| 082 #4 - NÚMERO DE LA CLASIFICACIÓN DECIMAL DEWEY |
| Número de documento/Ítem |
L951a |
| Número de edición |
22 |
| 100 1# - ENTRADA PRINCIPAL--NOMBRE DE PERSONA |
| Nombre de persona |
Lugo Ramírez, Doris E. |
| Fechas asociadas al nombre |
1965- |
| 9 (RLIN) |
86902 |
| 100 1# - ENTRADA PRINCIPAL--NOMBRE DE PERSONA |
| Nombre de persona |
Lugo Ramírez, Doris E. |
| Fechas asociadas al nombre |
1965- |
| 9 (RLIN) |
86902 |
| 245 10 - MENCIÓN DE TÍTULO |
| Título |
Ante el espejo de la muerte : |
| Resto del título |
aproximación a la iconografía funeraria en Puerto Rico : análisis de tumbas y pinturas puertorriqueñas representativas de finales del siglo XIX al inicio del XXI / |
| Mención de responsabilidad, etc. |
Doris E. Lugo Ramírez. |
| 260 ## - PUBLICACIÓN, DISTRIBUCIÓN, ETC. |
| Lugar de publicación, distribución, etc. |
San Juan, Puerto Rico : |
| Nombre del editor, distribuidor, etc. |
Isla Negra Editores, |
| -- |
Editorial del Instituto de Cultura Puertorriqueña, |
| Fecha de publicación, distribución, etc. |
2016. |
| 300 ## - DESCRIPCIÓN FÍSICA |
| Extensión |
298 p. : |
| Otras características físicas |
il. ; |
| Dimensiones |
23 cm. |
| 490 1# - MENCIÓN DE SERIE |
| Mención de serie |
Visiones y cegueras |
| 500 ## - NOTA GENERAL |
| Nota general |
Incluye datos biográficos de la autora en la solapa de la cubierta |
| 500 ## - NOTA GENERAL |
| Nota general |
Incluye referencias bibliográficas y notas al pie de las páginas |
| 504 ## - NOTA DE BIBLIOGRAFÍA, ETC. |
| Nota de bibliografía, etc. |
Bibliografía : p. 263-273 |
| 505 0# - NOTA DE CONTENIDO CON FORMATO |
| Nota de contenido con formato |
Palabras iniciales -- |
| Información miscelánea |
Capítulo I |
| Título |
La muerte como fuente investigativa -- |
| -- |
Visión ideológica, escatológica e iconográfica de la muerte en Europa, América y Puerto Rico -- |
| Información miscelánea |
Capítulo II |
| Título |
Visión ideológica, escatológica e iconográfica de la muerte en Europa, América y Puerto Rico -- |
| Información miscelánea |
Capítulo III |
| Título |
Metáforas contra la muerte: Análisis iconográfico de la estatuaria funeraria -- |
| -- |
Capítulo IV |
| -- |
La muerte disimulada: Análisis iconográfico de la pintura puertorriqueña de temática funeraria -- |
| -- |
Conclusiones -- |
| -- |
Apéndices -- |
| -- |
Índices de fotografías, ilustraciones y pinturas citadas en el libro -- |
| -- |
Agradecimientos |
| 590 ## - NOTA LOCAL (RLIN) |
| Nota local |
Inventariado, 2019/LP |
| 830 #0 - PUNTO DE ACCESO ADICIONAL DE SERIE-TÍTULO UNIFORME |
| Título uniforme |
Visiones y cegueras |
| 9 (RLIN) |
1120 |
| 942 ## - ELEMENTOS DE PUNTO DE ACCESO ADICIONAL (KOHA) |
| Fuente del sistema de clasificación o colocación |
Dewey Decimal Classification |
| Tipo de ítem Koha |
Libro |